000 00460nam a2200181Ia 4500
001 9317
005 20260306161709.0
008 260306t2011||||xx |||||||||||||| ||spa||
041 _aESP
082 _a378.01
_bN49
100 _aNewman, John H.
_eAUT
245 0 _aDiscursos sobre el fin y la naturaleza de la educación universitaria
260 _c2011
300 _a236 páginas :
_c22 cm.
650 _aGEN
654 _aCED
942 _cLIB
_dJUS
_fJUS
_2ddc
_n
999 _c9317
_d9317